The Belfast gazette

Detalles Bibliográficos
Autor Corporativo: Northern Ireland
Formato: Desconocido
Lenguaje:inglés
Publicado: [Belfast, Northern Ireland?] : H.M.S.O.
Materias:
Acceso en línea:Acceso restringido

MARC

LEADER 00000ny a22000003n 4500
005 20110510144954.0
008 750807c20079999nikwr s f0 a0eng c
010 |a sn 96033021 
035 |a 2586 
040 |a MnMULS  |c MnMULS  |d vLex 
090 |c 1587  |d 1587 
110 1 |a Northern Ireland 
245 3 4 |a The Belfast gazette  |h [Recurso electrn̤ico] 
256 |a Servicio en ln̕ea 
260 |a [Belfast, Northern Ireland?] :  |b H.M.S.O. 
310 |a Semanal 
651 4 |a Irlanda  |x Publicaciones perid̤icas 
740 0 |a vLex Revista (Servicios en ln̕ea) 
843 |a Electrn̤ica. Abierta 
853 |8 1  |i (year)  |j (month)  |k (day) 
856 4 0 |z Acceso restringido  |u http://vlex.com/account/login_ip?fuente_id=2586  
942 |c REV 
999 0 |a Gazettes  |z Northern Ireland.